[Event "Eliteserien 2009-2010"]
[Site "Haraldsheim"]
[Date "2009.11.06"]
[Round "2"]
[White "Urkedal, Frode Olav Olsen"]
[Black "Djurhuus, Rune"]
[Result "1/2-1/2"]
[WhiteElo "2398"]
[BlackElo "2414"]
[PlyCount "55"]
[EventDate "2009.??.??"]

1. d4 Nf6 2. Nf3 g6 3. c4 c5 4. Nc3 cxd4 5. Nxd4 Nc6 6. g3 d6 7. Nxc6 bxc6 8.
Bg2 Bb7 9. O-O Bg7 10. Qc2 O-O 11. Rd1 Qa5 12. b4 Qc7 13. Bb2 a5 14. a3 Nd7 15.
Rac1 axb4 16. axb4 Qb6 17. c5 Qxb4 18. cxd6 exd6 19. Rb1 Qc4 20. Rxd6 Nc5 21.
Rd2 Nb3 22. Rdd1 Nd4 23. Qd3 Qxd3 24. Rxd3 Ba6 25. Rdd1 Nxe2+ 26. Nxe2 Bxe2 27.
Bxg7 Kxg7 28. Rdc1 
1/2-1/2

[Event "Eliteserien 2009-2010"]
[Site "Haraldsheim"]
[Date "2009.11.06"]
[Round "2"]
[White "Hole, Øystein"]
[Black "Hansen, Torbjørn R."]
[Result "1/2-1/2"]
[WhiteElo "2369"]
[BlackElo "2370"]
[PlyCount "70"]
[EventDate "2009.??.??"]

1. Nf3 Nf6 2. c4 b6 3. g3 c5 4. Bg2 Bb7 5. O-O e6 6. Nc3 Be7 7. Re1 Ne4 8. Nxe4
Bxe4 9. d3 Bxf3 10. Bxf3 Nc6 11. e3 Bf6 12. a3 Rc8 13. Qc2 O-O 14. Bd2 d5 15.
Bg2 Qd7 16. Red1 Rfd8 17. Rab1 g6 18. Be1 a5 19. Qa4 Qd6 20. b4 axb4 21. cxd5
exd5 22. axb4 Ra8 23. Qb3 Be7 24. bxc5 bxc5 25. e4 dxe4 26. Bxe4 Rab8 27. Qa4
Rxb1 28. Rxb1 Nb4 29. Qb3 Kg7 30. Bc3+ Bf6 31. Bxf6+ Qxf6 32. Rc1 Qe5 33. Qc3
Qxc3 34. Rxc3 f5 35. Bg2 Nxd3 
1/2-1/2

[Event "Eliteserien 2009-2010"]
[Site "Haraldsheim"]
[Date "2009.11.06"]
[Round "2"]
[White "Thorstensen, Trond"]
[Black "Bjerke, Silje"]
[Result "1-0"]
[WhiteElo "2209"]
[BlackElo "2179"]
[PlyCount "59"]
[EventDate "2009.??.??"]

1. d4 Nf6 2. c4 g6 3. Nc3 d5 4. Qb3 dxc4 5. Qxc4 Bg7 6. Nf3 O-O 7. Bf4 c6 8. e4
Be6 9. Qd3 b5 10. Be2 Bc4 11. Qc2 Bxe2 12. Nxe2 Na6 13. O-O Rc8 14. a4 c5 15.
axb5 cxd4 16. Qd3 Nc5 17. Qxd4 Qxd4 18. Nfxd4 Nfxe4 19. Rxa7 g5 20. Nf5 gxf4
21. Nxe7+ Kh8 22. Nxc8 Rxc8 23. b4 Nd3 24. b6 Nc3 25. Rfa1 Nxe2+ 26. Kf1 Bxa1
27. b7 Rc2 28. b8=Q+ Kg7 29. Rxa1 Nc3 30. Qb6 
1-0

[Event "Eliteserien 2009-2010"]
[Site "Haraldsheim"]
[Date "2009.11.06"]
[Round "2"]
[White "Sousa, Ludy Helsio P"]
[Black "Skrondal, Inge Sandstad"]
[Result "1/2-1/2"]
[WhiteElo "2205"]
[BlackElo "2247"]
[PlyCount "120"]
[EventDate "2009.??.??"]

1. e4 c5 2. Nf3 g6 3. d4 cxd4 4. Nxd4 Nc6 5. Be3 Nf6 6. Nc3 Bg7 7. Be2 O-O 8.
Nb3 a5 9. a4 Nb4 10. O-O d5 11. e5 Ne4 12. f4 Bf5 13. Nb5 Ng3 14. hxg3 Bxc2 15.
Qd2 Bxb3 16. Ra3 Bc4 17. Bxc4 dxc4 18. Qe2 Nd5 19. Rd1 Qd7 20. Bf2 Rfc8 21. Na7
Rd8 22. Qxc4 e6 23. Rad3 Bf8 24. Nb5 Rdc8 25. Qe4 Bb4 26. g4 Qc6 27. Na7 Rxa7
28. Bxa7 b6 29. Rxd5 exd5 30. Qxd5 Bc5+ 31. Kh1 Qxa4 32. Qd7 Qxd7 33. Rxd7 b5
34. f5 h5 35. Kh2 hxg4 36. fxg6 fxg6 37. Kg3 Bxa7 38. Rxa7 Rc4 39. Rxa5 Rb4 40.
e6 Kf8 41. Ra7 Rxb2 42. Rf7+ Ke8 43. Rb7 b4 44. Kh4 Rxg2 45. Rxb4 Ke7 46. Rxg4
Rxg4+ 47. Kxg4 Kxe6 48. Kg5 Kf7 49. Kg4 Kf6 50. Kf4 g5+ 51. Kg4 Kg6 52. Kg3 Kh5
53. Kh3 g4+ 54. Kg3 Kg5 55. Kg2 Kf4 56. Kf2 g3+ 57. Kg2 Kg4 58. Kg1 Kh3 59. Kh1
Kg4 60. Kg2 Kf4 
1/2-1/2

[Event "Eliteserien 2009-2010"]
[Site "Haraldsheim"]
[Date "2009.11.06"]
[Round "2"]
[White "Briseid, Håkon"]
[Black "Gvein, Kenneth"]
[Result "1-0"]
[WhiteElo "1992"]
[BlackElo "2153"]
[PlyCount "91"]
[EventDate "2009.??.??"]

1. d4 Nf6 2. c4 e6 3. Nc3 Bb4 4. f3 c5 5. a3 Bxc3+ 6. bxc3 Qa5 7. Bd2 d6 8. e4
Qc7 9. Bd3 Nc6 10. Ne2 e5 11. O-O b6 12. Bg5 Na5 13. f4 h6 14. Bxf6 gxf6 15.
Ng3 Ba6 16. Nh5 O-O-O 17. Nxf6 cxd4 18. cxd4 exd4 19. c5 b5 20. cxd6 Qxd6 21.
e5 Qb6 22. Qg4+ Kb7 23. Be4+ Kb8 24. Nd7+ Rxd7 25. Qxd7 Nb3 26. Rad1 Nc5 27.
Qc6 Qxc6 28. Bxc6 b4 29. axb4 Bxf1 30. Kxf1 Ne6 31. f5 Nd8 32. Bd7 Kc7 33. Rxd4
Nc6 34. Bxc6 Kxc6 35. Ke2 Re8 36. Re4 Kd5 37. Kf3 h5 38. g3 Rf8 39. Kf4 Rg8 40.
h3 a6 41. e6 fxe6 42. fxe6 Rf8+ 43. Ke3 Re8 44. e7 Kd6 45. Kf4 Kd5 46. Kf5 
1-0

[Event "Eliteserien 2009-2010"]
[Site "Haraldsheim"]
[Date "2009.11.06"]
[Round "2"]
[White "Byklum, Bjørnar"]
[Black "Østenstad, Berge"]
[Result "1/2-1/2"]
[WhiteElo "2318"]
[BlackElo "2454"]
[PlyCount "30"]
[EventDate "2009.??.??"]

1. e4 c5 2. Nc3 Nc6 3. Bb5 g6 4. Bxc6 dxc6 5. d3 Bg7 6. Be3 c4 7. dxc4 Bxc3+ 8.
bxc3 Qxd1+ 9. Kxd1 e5 10. Ne2 Be6 11. c5 Nf6 12. f3 Nd7 13. Kc1 f5 14. exf5
Bxf5 15. Re1 O-O-O 
1/2-1/2

[Event "Eliteserien 2009-2010"]
[Site "Haraldsheim"]
[Date "2009.11.06"]
[Round "2"]
[White "Løvik, Lasse Østebø"]
[Black "Leer-Salvesen, Bjarte"]
[Result "1/2-1/2"]
[WhiteElo "2342"]
[BlackElo "2336"]
[PlyCount "140"]
[EventDate "2009.??.??"]

1. d4 d5 2. Nf3 c6 3. c4 e6 4. e3 Nf6 5. b3 Nbd7 6. Bb2 Bd6 7. Nbd2 O-O 8. Bd3
Qe7 9. Ne5 Ne8 10. f4 f5 11. O-O Nef6 12. Rc1 Ne4 13. Nxe4 fxe4 14. Be2 Nxe5
15. fxe5 Rxf1+ 16. Qxf1 Bb4 17. Qf4 Bd7 18. Rf1 Rf8 19. Qxf8+ Qxf8 20. Rxf8+
Bxf8 21. Bc3 Kf7 22. c5 Be7 23. Ba5 Kg6 24. Bc7 h5 25. Kf2 h4 26. Bb8 a6 27.
Bc7 Bg5 28. Bg4 Be7 29. Ke2 Kg5 30. h3 Kg6 31. Ba5 Bg5 32. Be1 Bd8 33. b4 Bg5
34. Kd2 Kf7 35. a4 Kg6 36. Be2 Kf7 37. Bf2 Ke7 38. b5 cxb5 39. axb5 Bxb5 40.
Bxb5 axb5 41. Kc3 Kd7 42. Kb4 Kc6 43. Bg1 Be7 44. Kb3 Bd8 45. Kb4 g5 46. Bf2 b6
47. cxb6 Kxb6 48. Be1 Ka6 49. Kb3 Ba5 50. Bf2 Kb6 51. Kc2 Kc6 52. Kb3 Kd7 53.
Kc2 Ke7 54. Kb3 Kf7 55. Kc2 Kg6 56. Kd1 Kf7 57. Kc2 Ke8 58. Kb3 Kd7 59. Kc2 Kc6
60. Kb3 Kb6 61. Kc2 Bb4 62. Kb2 Ka6 63. Kc2 Ba5 64. Kb3 Kb6 65. Kc2 Bb4 66. Kb2
Bd2 67. Kc2 Bb4 68. Kb2 Bd2 69. Kc2 Ba5 70. Kb3 Ka7 
1/2-1/2

[Event "Eliteserien 2009-2010"]
[Site "Haraldsheim"]
[Date "2009.11.06"]
[Round "2"]
[White "Harestad, Hans K"]
[Black "Ekeberg, Carl Fr."]
[Result "1-0"]
[WhiteElo "2190"]
[BlackElo "2267"]
[PlyCount "71"]
[EventDate "2009.??.??"]

1. d4 Nf6 2. c4 g6 3. Nf3 Bg7 4. g3 O-O 5. Bg2 d5 6. cxd5 Nxd5 7. O-O Nb6 8.
Nc3 Nc6 9. d5 Na5 10. Qc2 c6 11. dxc6 Nxc6 12. Rd1 Qc7 13. Nb5 Qb8 14. Bf4 e5
15. Be3 Bf5 16. Qc5 Nc8 17. Rac1 Re8 18. Ng5 h6 19. Ne4 Bxe4 20. Bxe4 a6 21.
Nc3 N8e7 22. Rd7 Qc8 23. Rcd1 Nd4 24. Qxc8 Raxc8 25. Bxb7 Rb8 26. b4 Nef5 27.
a3 Nxe3 28. fxe3 Nc2 29. Bd5 Rf8 30. Rf1 Nxa3 31. Bxf7+ Kh7 32. Ra1 Nc2 33.
Rxa6 Rxb4 34. Bxg6+ Kh8 35. Bxc2 Rc4 36. Raa7 
1-0

[Event "Eliteserien 2009-2010"]
[Site "Haraldsheim"]
[Date "2009.11.06"]
[Round "2"]
[White "Grotnes, Nils Ragnar"]
[Black "Astrup, Kim Chr."]
[Result "1-0"]
[WhiteElo "2158"]
[BlackElo "2142"]
[PlyCount "45"]
[EventDate "2009.??.??"]

1. d4 d6 2. c4 f5 3. Nf3 Nf6 4. g3 g6 5. Bg2 Bg7 6. O-O O-O 7. Nc3 Qe8 8. Qb3
c6 9. d5 Na6 10. Be3 Ng4 11. Bd4 Bh6 12. c5 Qf7 13. Qa3 Rd8 14. cxd6 exd6 15.
b4 Nc7 16. Rad1 a5 17. dxc6 axb4 18. Qxb4 bxc6 19. Bb6 c5 20. Bxc5 Na6 21. Qb6
Be6 22. Bxd6 Rac8 23. Ne5 
1-0

[Event "Eliteserien 2009-2010"]
[Site "Haraldsheim"]
[Date "2009.11.06"]
[Round "2"]
[White "Stenersen, Gudmund"]
[Black "Aulin-Jansson, Jøran"]
[Result "1/2-1/2"]
[WhiteElo "2205"]
[BlackElo "2183"]
[PlyCount "135"]
[EventDate "2009.??.??"]

1. e4 c5 2. b3 Nc6 3. Bb2 Nf6 4. e5 Nd5 5. g3 d6 6. exd6 Qxd6 7. Bg2 e5 8. Na3
Be6 9. Nf3 f6 10. O-O O-O-O 11. Re1 g5 12. c3 Qd7 13. Nc2 h5 14. d4 exd4 15.
cxd4 h4 16. Qe2 Bg4 17. Rad1 hxg3 18. hxg3 Kb8 19. dxc5 Bxc5 20. Bxf6 Nxf6 21.
Rxd7 Rxd7 22. Qc4 Bb6 23. Nxg5 Rf8 24. Ne6 Rff7 25. Nc5 Rc7 26. Bxc6 Bxc5 27.
Qxc5 Rxc6 28. Qe5+ Rcc7 29. Nd4 a6 30. a4 Bc8 31. f3 Nd7 32. Qd6 Nc5 33. Re8
Rfd7 34. Qf4 Nd3 35. Qe3 Rc1+ 36. Kg2 Rd1 37. Nc2 Rb1 38. Qe6 Rc7 39. Rxc8+
Rxc8 40. Qd6+ Ka8 41. Qxd3 Rb2 42. g4 Rbxc2+ 43. Kg3 R2c3 44. Qd5 R8c5 45. Qd4
Rc8 46. b4 R3c4 47. Qd2 Rc2 48. Qd5 R2c4 49. b5 Rxa4 50. bxa6 Rxa6 51. g5 Rc1
52. Qd8+ Ka7 53. Qd4+ Ka8 54. f4 Rac6 55. Kg4 b5 56. Qe4 Ka7 57. Kh5 R1c4 58.
Qe3+ Ka6 59. f5 Rc3 60. Qe5 Rh3+ 61. Kg4 Rh1 62. f6 Rc4+ 63. Kf5 Rf1+ 64. Kg6
Rcf4 65. Qd6+ Ka5 66. Qc7+ Ka4 67. Qa7+ Kb3 68. Qe3+ 
1/2-1/2

[Event "Eliteserien 2009-2010"]
[Site "Haraldsheim"]
[Date "2009.11.06"]
[Round "2"]
[White "Diesen, Bruce"]
[Black "Andreassen, Pål"]
[Result "0-1"]
[WhiteElo "2094"]
[BlackElo "2002"]
[PlyCount "80"]
[EventDate "2009.??.??"]

1. e4 c5 2. Nf3 d6 3. d4 cxd4 4. Nxd4 Nf6 5. Nc3 g6 6. Be3 Bg7 7. f3 O-O 8. Qd2
Nc6 9. Bc4 Bd7 10. O-O-O Rb8 11. Rhe1 b5 12. Ncxb5 Na5 13. Bf1 e5 14. Nxd6 exd4
15. Bxd4 Be6 16. Bc3 Nc6 17. Bc4 Qe7 18. e5 Nd7 19. f4 Nb6 20. Bb3 Bg4 21. f5
Bxe5 22. Rxe5 Nxe5 23. Re1 Nbd7 24. Nxf7 Rxf7 25. Qd5 Rxb3 26. Qxb3 Qd6 27. Qb7
Nc5 28. Qa8+ Rf8 29. Qxa7 Ne4 30. f6 Nf7 31. h3 Qf4+ 32. Kb1 Nxc3+ 33. bxc3 Bf5
34. Qd4 Qg3 35. Qd2 Rb8+ 36. Kc1 h5 37. Re3 Qd6 38. Qe1 Qa3+ 39. Kd2 Qa4 40. g4
Qxc2# 
0-1

[Event "Eliteserien 2009-2010"]
[Site "Haraldsheim"]
[Date "2009.11.06"]
[Round "2"]
[White "Elsness, Frode"]
[Black "Stokke, Kjetil"]
[Result "1-0"]
[WhiteElo "2469"]
[BlackElo "2369"]
[PlyCount "127"]
[EventDate "2009.??.??"]

1. d4 Nf6 2. c4 g6 3. Nc3 Bg7 4. e4 d6 5. Nf3 O-O 6. Be2 e5 7. O-O Nc6 8. d5
Ne7 9. b4 a5 10. Ba3 axb4 11. Bxb4 b6 12. a4 Re8 13. Qb3 c5 14. Ba3 Bd7 15. Ra2
Nh5 16. Rfa1 f5 17. Bc1 Nf6 18. Nd2 Bh6 19. Qc2 Rf8 20. Bd3 Bxd2 21. Bxd2 fxe4
22. Nxe4 Nxe4 23. Bxe4 Nf5 24. Bc3 Rf7 25. Qb1 Nd4 26. f3 Kg7 27. Kh1 Ra6 28.
a5 bxa5 29. Bxa5 Qc8 30. Bc3 Rxa2 31. Rxa2 Bf5 32. Bxf5 Qxf5 33. Qxf5 Nxf5 34.
Bd2 Rb7 35. Kg1 Kf6 36. Kf2 Nd4 37. h4 e4 38. Bf4 e3+ 39. Kxe3 Rb4 40. Kf2 Rxc4
41. Bxd6 Nf5 42. Bc7 Rd4 43. g4 Ne7 44. Ra6+ Kf7 45. d6 Nc8 46. Rc6 Ke6 47.
Rxc5 Nxd6 48. Rc6 Kd7 49. Rxd6+ Rxd6 50. Bxd6 Kxd6 51. Ke3 Ke5 52. f4+ Kd6 53.
Kd4 Ke6 54. Ke4 Ke7 55. Ke5 Kf7 56. g5 Ke7 57. h5 gxh5 58. f5 Kd7 59. Kf4 Kd6
60. Kg3 Ke5 61. f6 Ke6 62. Kh4 h6 63. Kxh5 hxg5 64. Kg6 
1-0

[Event "Eliteserien 2009-2010"]
[Site "Haraldsheim"]
[Date "2009.11.06"]
[Round "2"]
[White "Houska, Jovanka"]
[Black "Miezis, Normunds"]
[Result "1-0"]
[WhiteElo "2402"]
[BlackElo "2481"]
[PlyCount "145"]
[EventDate "2009.??.??"]

1. d4 Nf6 2. Nf3 e6 3. c4 Bb4+ 4. Bd2 a5 5. g3 d5 6. Bg2 O-O 7. O-O c6 8. Qc2
Nbd7 9. Bf4 Be7 10. Nbd2 Nh5 11. Be3 f5 12. Nb3 Kh8 13. Nc1 dxc4 14. Qxc4 Nb6
15. Qc2 Nd5 16. Bd2 Nhf6 17. Nd3 Ne4 18. Be1 Nb4 19. Nxb4 axb4 20. e3 b6 21.
Nd2 Ba6 22. Nxe4 Bxf1 23. Kxf1 fxe4 24. Qxc6 Qc8 25. Bxe4 Qxc6 26. Bxc6 Ra7 27.
Ke2 Rc8 28. Be4 b3 29. a3 Kg8 30. Rd1 Ra4 31. f3 Bd6 32. d5 e5 33. h4 Kf7 34.
g4 Rxe4 35. fxe4 Rc2+ 36. Rd2 Bxa3 37. Kd3 Rxb2 38. Rxb2 Bxb2 39. Kc4 Bc1 40.
Kxb3 Bxe3 41. Kc4 Ke7 42. Kd3 Bc5 43. Bd2 b5 44. Kc3 Kd7 45. Kb3 g6 46. Bc3 Bd4
47. h5 Kd6 48. Bb4+ Kc7 49. Ba5+ Kd7 50. Kb4 Be3 51. Kxb5 Kd6 52. Kc4 Bf2 53.
Bb4+ Kd7 54. Kd3 Bb6 55. Kc4 Bf2 56. Bc5 Bg3 57. Bb4 Bf2 58. Ba3 Be3 59. d6 Kc6
60. d7 Bg5 61. Bc1 Bd8 62. Ba3 Bg5 63. Bf8 Bd8 64. Bb4 Bc7 65. Be1 Bd8 66. Bf2
Bg5 67. Ba7 Kb7 68. Be3 Bd8 69. Kd5 Kc7 70. Ke6 gxh5 71. gxh5 Kc6 72. Bf2 Ba5
73. Bg3 
1-0

[Event "Eliteserien 2009-2010"]
[Site "Haraldsheim"]
[Date "2009.11.06"]
[Round "2"]
[White "Borchgrevink, Harald B"]
[Black "Haugli, Petter"]
[Result "1-0"]
[WhiteElo "2241"]
[BlackElo "2259"]
[PlyCount "111"]
[EventDate "2009.??.??"]

1. d4 Nf6 2. c4 c5 3. d5 b5 4. cxb5 a6 5. bxa6 Bxa6 6. b3 g6 7. Bb2 Bg7 8. g3
d6 9. Bg2 O-O 10. Nh3 Nbd7 11. O-O Nb6 12. Nf4 Qd7 13. h4 Rfb8 14. Bc3 Ra7 15.
a4 h5 16. Re1 Qc7 17. Nd2 Nbd7 18. Rc1 Ng4 19. Bxg7 Kxg7 20. Qc2 Nde5 21. Nd3
Rab7 22. Nxe5 Nxe5 23. f4 Ng4 24. Bf3 Qd7 25. e4 f6 26. Qd1 Rb4 27. Bxg4 hxg4
28. Re3 Rd4 29. Qe1 Qb7 30. Qf2 Qb4 31. Rcc3 c4 32. e5 Rb7 33. exf6+ exf6 34.
bxc4 Qxa4 35. Qe1 Kh6 36. f5 Rb2 37. Re7 gxf5 38. Qe3+ f4 39. gxf4 Qd1+ 40. Nf1
Qf3 41. Qxf3 gxf3 42. Rxf3 Bxc4 43. Ne3 Rb1+ 44. Kh2 Rd2+ 45. Kh3 Bxd5 46. Rg3
Rh1+ 47. Kg4 Kg6 48. Nf5 Bf7 49. h5+ Rxh5 50. Nh4+ Kg7 51. Rxf7+ Kxf7 52. Kxh5
d5 53. Kg4 Rd1 54. Ra3 d4 55. Kf5 Rf1 56. Rd3 
1-0

[Event "Eliteserien 2009-2010"]
[Site "Haraldsheim"]
[Date "2009.11.06"]
[Round "2"]
[White "Solberg, Joachim"]
[Black "Demac, Elias"]
[Result "1-0"]
[WhiteElo "2154"]
[BlackElo "2221"]
[PlyCount "63"]
[EventDate "2009.??.??"]

1. e4 c6 2. d4 d5 3. Nc3 dxe4 4. Nxe4 Bf5 5. Ng3 Bg6 6. Nf3 Nd7 7. h4 h6 8. h5
Bh7 9. Bd3 Bxd3 10. Qxd3 e6 11. Bd2 Ngf6 12. O-O-O Be7 13. Qe2 O-O 14. Rhe1 Re8
15. Ne5 Nd5 16. Kb1 Nxe5 17. dxe5 Qb6 18. Ne4 a5 19. c4 Nb4 20. Be3 c5 21. Qg4
Kh8 22. Bxh6 gxh6 23. Qf4 Kg7 24. Re3 Rad8 25. Rg3+ Bg5 26. Rxg5+ hxg5 27.
Qxg5+ Kf8 28. Qh6+ Ke7 29. Qf6+ Kf8 30. Nd6 Qc7 31. h6 Qe7 32. Qg7# 
1-0

[Event "Eliteserien 2009-2010"]
[Site "Haraldsheim"]
[Date "2009.11.06"]
[Round "2"]
[White "Nilsen, Joachim B."]
[Black "Hagen, Anders G"]
[Result "1/2-1/2"]
[WhiteElo "2172"]
[BlackElo "2011"]
[PlyCount "92"]
[EventDate "2009.??.??"]

1. d4 d5 2. c4 c6 3. Nc3 Nf6 4. Nf3 e6 5. Bg5 h6 6. Bh4 dxc4 7. e4 g5 8. Bg3 b5
9. Be2 Bb7 10. O-O Nbd7 11. Ne5 Bg7 12. Nxd7 Nxd7 13. Bd6 a6 14. Re1 Bf8 15.
Bxf8 Rxf8 16. b3 cxb3 17. axb3 Qb6 18. d5 O-O-O 19. dxc6 Bxc6 20. Qc2 Kb8 21.
Qb2 Nc5 22. Bf1 Nd3 23. Bxd3 Rxd3 24. Na2 Qd4 25. Qa3 Rd8 26. Nb4 Rc3 27. Nxa6+
Kc8 28. Qa5 Rd7 29. Qa3 f5 30. Qf8+ Rd8 31. Qxh6 Rc2 32. Rf1 Rxf2 33. Kh1 Rxf1+
34. Rxf1 Qxe4 35. Qxg5 Qe2 36. Kg1 Rd2 37. Rc1 Rd1+ 38. Rxd1 Qxd1+ 39. Kf2 Qd4+
40. Qe3 Qxe3+ 41. Kxe3 Bxg2 42. Kd4 Bd5 43. b4 Kd7 44. Ke5 Ke7 45. Nc5 Kf7 46.
Nd3 Bc4 
1/2-1/2

[Event "Eliteserien 2009-2010"]
[Site "Haraldsheim"]
[Date "2009.11.07"]
[Round "2"]
[White "Grandelius, Nils"]
[Black "Berg, Emanuel"]
[Result "1/2-1/2"]
[WhiteElo "2431"]
[BlackElo "2476"]
[PlyCount "63"]
[EventDate "2009.??.??"]

1. e4 c5 2. Nf3 Nc6 3. d4 cxd4 4. Nxd4 Nf6 5. Nc3 g6 6. Be3 Bg7 7. Bc4 O-O 8.
Bb3 a5 9. O-O a4 10. Nxa4 Nxe4 11. Nb5 d5 12. c3 e6 13. f3 Nd6 14. Bb6 Qd7 15.
Nxd6 Qxd6 16. Bc5 Qc7 17. Bxf8 Bxf8 18. c4 dxc4 19. Bxc4 Bd6 20. h3 Nd4 21. Bd3
Bd7 22. Nc3 Qb6 23. Kh1 Qxb2 24. Ne2 Nxe2 25. Qxe2 Qf6 26. f4 Ra4 27. Be4 Rb4
28. Qf3 Bb5 29. Rfd1 Ba4 30. Rf1 Bb5 31. Rfd1 Ba4 32. Rf1 
1/2-1/2

[Event "Eliteserien 2009-2010"]
[Site "Haraldsheim"]
[Date "2009.11.07"]
[Round "2"]
[White "Arvola, Benjamin"]
[Black "Johannessen, Leif E"]
[Result "0-1"]
[WhiteElo "2216"]
[BlackElo "2514"]
[PlyCount "62"]
[EventDate "2009.??.??"]

1. e4 Nf6 2. e5 Nd5 3. c4 Nb6 4. c5 Nd5 5. Nc3 e6 6. Nxd5 exd5 7. d4 d6 8. cxd6
cxd6 9. Bb5+ Nc6 10. Ne2 dxe5 11. dxe5 Qa5+ 12. Nc3 Bb4 13. O-O O-O 14. Qxd5
Rd8 15. Qe4 Bxc3 16. Bxc6 Bxe5 17. Bxb7 Rd4 18. Bxa8 Rxe4 19. Bxe4 Ba6 20. Rd1
Bxh2+ 21. Kh1 Bc7 22. Bf3 h5 23. Be3 Qe5 24. g3 Qf5 25. Bg2 h4 26. Rac1 hxg3
27. fxg3 Qh5+ 28. Kg1 Bxg3 29. Rd8+ Kh7 30. Be4+ f5 31. Bd3 Bb7 
0-1

[Event "Eliteserien 2009-2010"]
[Site "Haraldsheim"]
[Date "2009.11.07"]
[Round "2"]
[White "Moen, Andreas G.R."]
[Black "Lundeby, Øyvind Andersen"]
[Result "1-0"]
[WhiteElo "2315"]
[BlackElo "2154"]
[PlyCount "129"]
[EventDate "2009.??.??"]

1. e4 e6 2. d4 d5 3. Nd2 Nf6 4. e5 Nfd7 5. Bd3 c5 6. c3 Nc6 7. Ne2 cxd4 8. cxd4
f6 9. exf6 Qxf6 10. Nf3 h6 11. O-O Bd6 12. Nc3 O-O 13. Be3 Rd8 14. Rc1 Nf8 15.
g3 Bd7 16. Nh4 Bc7 17. Bb1 Bb6 18. Ne2 Be8 19. f4 Bh5 20. Nf3 Bxf3 21. Rxf3 e5
22. Kg2 e4 23. Rf1 Ne6 24. Qd2 Nexd4 25. Bxd4 Nxd4 26. Nxd4 Qxd4 27. Qxd4 Bxd4
28. Rfd1 Bxb2 29. Rc5 e3 30. Kf3 d4 31. Rb5 Bc3 32. Rxb7 Rdb8 33. Be4 Rxb7 34.
Bxb7 Rb8 35. Rb1 Kf8 36. Ke2 Rd8 37. Ba6 Rd6 38. Rb8+ Ke7 39. Rb7+ Kf6 40. Bc4
Rc6 41. Rf7+ Kg6 42. f5+ Kh7 43. Bd3 Kg8 44. Rxa7 Bb4 45. Rd7 Bc3 46. g4 Kf8
47. Rb7 Ba5 48. h4 Rb6 49. Rxb6 Bxb6 50. Kf3 Bd8 51. h5 Ke7 52. Ke4 Kd6 53.
Kxd4 Bb6+ 54. Kc4 e2 55. Bxe2 Be3 56. Bf3 Bd2 57. a4 Kc7 58. Kd5 Kd7 59. Be2
Bc3 60. Bb5+ Ke7 61. Kc6 Kd8 62. Kd6 Bd2 63. Ke6 Kc7 64. Kf7 Bc3 65. Kg6 
1-0

[Event "Eliteserien 2009-2010"]
[Site "Haraldsheim"]
[Date "2009.11.07"]
[Round "2"]
[White "Kvisvik, Brede Alex."]
[Black "Trygstad, Kristian D."]
[Result "1/2-1/2"]
[WhiteElo "2047"]
[BlackElo "2295"]
[PlyCount "60"]
[EventDate "2009.??.??"]

1. e4 c5 2. Nf3 e6 3. d4 cxd4 4. Nxd4 a6 5. Bd3 Qc7 6. O-O Nc6 7. Nf3 Nf6 8.
Qe2 Ng4 9. g3 Bc5 10. Kg2 d6 11. Nbd2 b5 12. a4 bxa4 13. Rxa4 a5 14. Nb3 Bb6
15. Nfd4 Nge5 16. Bb5 Bd7 17. f4 Nxd4 18. Nxd4 Nc6 19. Nxc6 Bxc6 20. Bxc6+ Qxc6
21. Rc4 Qb7 22. Rd1 Rd8 23. Rc3 O-O 24. Rcd3 Qc6 25. Kh3 d5 26. e5 f5 27. b3 a4
28. Ba3 Rfe8 29. bxa4 Qxa4 30. Rb1 Qc6 
1/2-1/2

[Event "Eliteserien 2009-2010"]
[Site "Haraldsheim"]
[Date "2009.11.07"]
[Round "2"]
[White "Getz, Nicolai"]
[Black "Glenne, Bjørn Erik"]
[Result "1-0"]
[WhiteElo "2265"]
[BlackElo "2161"]
[PlyCount "47"]
[EventDate "2009.??.??"]

1. e4 c6 2. d3 d5 3. Nd2 g6 4. Ngf3 Bg7 5. g3 Nf6 6. Bg2 O-O 7. O-O Na6 8. Re1
dxe4 9. dxe4 Nc5 10. e5 Nd5 11. a3 a5 12. Nc4 Qc7 13. Bd2 Ne6 14. Qe2 b6 15.
Qe4 Bd7 16. Rad1 f5 17. exf6 exf6 18. Ne3 Nxe3 19. Bxe3 Rfe8 20. Qc4 Kh8 21.
Bxb6 Qxb6 22. Rxd7 Nf8 23. Rxe8 Rxe8 24. Qf7 
1-0

[Event "Eliteserien 2009-2010"]
[Site "Haraldsheim"]
[Date "2009.11.06"]
[Round "2"]
[White "Skodvin, Eilif"]
[Black "Lie, Espen"]
[Result "1-0"]
[WhiteElo "2343"]
[BlackElo "2473"]
[PlyCount "137"]
[EventDate "2009.??.??"]

1. d4 Nf6 2. c4 c5 3. d5 e6 4. Nc3 exd5 5. cxd5 d6 6. Nf3 g6 7. e4 Bg7 8. Be2
O-O 9. O-O a6 10. Bf4 Bg4 11. h3 Bxf3 12. Bxf3 Ne8 13. a4 Nd7 14. a5 Rb8 15.
Qd2 Ne5 16. Be2 f5 17. exf5 gxf5 18. Rfe1 Nc7 19. Na4 Kh8 20. Rad1 Rg8 21. Kh1
Qh4 22. Bf1 Rbe8 23. Nb6 Nb5 24. Nc4 Bf6 25. Nxe5 dxe5 26. Bxb5 axb5 27. Bg3
Qh5 28. Qc3 Qg6 29. Rg1 f4 30. Bh2 c4 31. d6 Qe4 32. f3 Qc6 33. Bxf4 b4 34.
Qxb4 exf4 35. d7 Re6 36. Rge1 Rxe1+ 37. Qxe1 Rd8 38. Qb4 Kg7 39. Rd6 Qc7 40.
Qd2 Be5 41. Rd5 Kf6 42. Qb4 Ke6 43. Rc5 Qxd7 44. Qxc4+ Kf6 45. Qe4 Qe7 46. Rb5
Rd7 47. b4 Bb8 48. Qf5+ Kg7 49. Kh2 Rd8 50. Rxb7 Qxb7 51. Qg5+ Kf7 52. Qxd8 Be5
53. Qg5 Ke6 54. Qg8+ Kd6 55. Qd8+ Ke6 56. Qg8+ Kd6 57. Qd8+ Ke6 58. Qe8+ Kd5
59. b5 Qg7 60. Qa8+ Kd4 61. Qe4+ Kc5 62. b6 Kb5 63. Qd5+ Ka6 64. Qa8+ Kb5 65.
Qd5+ Ka4 66. Kh1 Bc3 67. a6 Qg3 68. Qe4+ Ka3 69. a7 
1-0

[Event "Eliteserien 2009-2010"]
[Site "Haraldsheim"]
[Date "2009.11.06"]
[Round "2"]
[White "Lahlum, Hans O."]
[Black "Gabrielsen, Stig"]
[Result "1/2-1/2"]
[WhiteElo "2173"]
[BlackElo "2302"]
[PlyCount "35"]
[EventDate "2009.??.??"]

1. d4 g6 2. c4 Bg7 3. Nc3 d6 4. e4 e5 5. Be3 exd4 6. Bxd4 Nf6 7. f3 O-O 8. Bd3
Nc6 9. Be3 Ne5 10. Nge2 Nh5 11. O-O f5 12. exf5 Nxd3 13. Qxd3 Bxf5 14. Qd2 Be6
15. b3 Qd7 16. Nd4 Bf7 17. Rad1 a6 18. a4 
1/2-1/2

[Event "Eliteserien 2009-2010"]
[Site "Haraldsheim"]
[Date "2009.11.06"]
[Round "2"]
[White "Gabrielsen, Trond"]
[Black "Tallaksen, Levi André"]
[Result "1/2-1/2"]
[WhiteElo "2230"]
[BlackElo "2154"]
[PlyCount "108"]
[EventDate "2009.??.??"]

1. e4 e5 2. Nf3 Nc6 3. Bc4 Be7 4. O-O d6 5. d4 exd4 6. Nxd4 Nf6 7. Nc3 O-O 8.
Nxc6 bxc6 9. Bf4 Nd7 10. Qd2 Bf6 11. Rad1 Nb6 12. Bd3 Re8 13. b3 Be6 14. Ne2
Qc8 15. Ng3 g6 16. Bg5 Bg7 17. Bh6 Bf6 18. f4 Bd7 19. Qf2 Re7 20. e5 dxe5 21.
Ne4 Bg7 22. Bxg7 Kxg7 23. fxe5 Qd8 24. Qf6+ Kg8 25. Qh4 Kg7 26. Qf6+ Kg8 27.
Qg5 Kg7 28. Nf6 Qf8 29. Be4 h6 30. Qf4 Rd8 31. c4 Bc8 32. Bxc6 Bf5 33. Be4 Bxe4
34. Qxe4 Re6 35. Qf4 Rxd1 36. Rxd1 Qc5+ 37. Qd4 Qxd4+ 38. Rxd4 Rxe5 39. Nd7 Re2
40. c5 Nxd7 41. Rxd7 Rxa2 42. Rxc7 a6 43. Rc6 Rc2 44. b4 Rc4 45. Rxa6 Rxb4 46.
Kf2 Rc4 47. Rc6 Rc2+ 48. Kf3 Kf8 49. Rc7 Ke8 50. h4 h5 51. g3 Kd8 52. Rxf7 Rxc5
53. Rg7 Rc6 54. Kf4 Rc4+ 
1/2-1/2

[Event "Eliteserien 2009-2010"]
[Site "Haraldsheim"]
[Date "2009.11.06"]
[Round "2"]
[White "Hobber, Anders"]
[Black "Johansen, Terje"]
[Result "0-1"]
[WhiteElo "2146"]
[BlackElo "2177"]
[PlyCount "60"]
[EventDate "2009.??.??"]

1. c4 f5 2. g3 e6 3. Nf3 Nf6 4. Bg2 Be7 5. O-O O-O 6. Nc3 d6 7. d3 Nc6 8. Rb1
a5 9. a3 Qe8 10. b4 axb4 11. axb4 Qh5 12. c5 dxc5 13. bxc5 Bxc5 14. Nb5 Bb6 15.
Ba3 Re8 16. Qc2 Nd5 17. Bc5 Ba5 18. Nfd4 Bd7 19. e4 fxe4 20. dxe4 Nc3 21. Nxc3
Qxc5 22. Nde2 Bb6 23. Rbd1 Ne5 24. Kh1 Ba4 25. Qb2 Bxd1 26. Nxd1 Nd3 27. Qb1
Red8 28. Ndc3 Nxf2+ 29. Kg1 Nd1+ 30. Kh1 Nxc3 
0-1

[Event "Eliteserien 2009-2010"]
[Site "Haraldsheim"]
[Date "2009.11.06"]
[Round "2"]
[White "Kirkebø, Carl Peter"]
[Black "Bentsen, Håkon"]
[Result "1/2-1/2"]
[WhiteElo "2080"]
[BlackElo "2093"]
[PlyCount "66"]
[EventDate "2009.??.??"]

1. c4 e6 2. Nc3 Nf6 3. d4 d5 4. Bg5 dxc4 5. e4 a6 6. e5 h6 7. Bh4 g5 8. Bg3 Nd5
9. Bxc4 Bb4 10. Rc1 c5 11. a3 Bxc3+ 12. bxc3 b5 13. Be2 c4 14. h4 Rf8 15. hxg5
hxg5 16. Qd2 Qa5 17. Qxg5 Qxa3 18. Bf3 Nc6 19. Ne2 Bb7 20. Bxd5 exd5 21. e6 Nd8
22. exf7+ Nxf7 23. Qf5 Qe7 24. O-O Nd6 25. Qg6+ Kd7 26. Nf4 Qf6 27. Rfe1 Ne4
28. Qg4+ Qf5 29. Qg7+ Rf7 30. Qh6 Rf6 31. Qh7+ Rf7 32. Qh6 Rf6 33. Qh7+ Rf7
1/2-1/2